000 00430nam a2200181Ia 4500
001 23887
005 20260414151007.0
008 260414t2015||||xx |||||||||||||| ||spa||
041 _aESP
082 _a720.47
_bR77
100 _aRogers, Richard,
_eAUT
245 0 _aCiudades para un pequeño planeta
_b
260 _c2015
300 _a180 páginas :
_c18 cm.
650 _aABD
654 _aCAU
942 _cLIB
_dJUS
_fJUS
_2ddc
_n
999 _c23887
_d23887